Open Data Biblioteca Nacional de Portugal


República Portuguesa: Ministério da Cultura
Biblioteca Nacional de Portugal

Catálogo da BNP: acesso por Identificadores Unívocos
Registos Bibliográficos associados ao registo de autoridade

Etiqueta de registo: 00254nam 2200025 450
001 2285482
003 http://id.bnportugal.gov.pt/bib/catbnp/2285482
010 ## $a978-989-40-3088-1
021 ## $aPT$b560153/26
100 ## $a20260429d2026 k y0pory01030103ba
101 0# $apor
102 ## $aPT
105 ## $ay v 000yy
106 ## $ar
200 1# $a A intangibilidade da obra pública$esobre obra pública ilegal e restauração natural$fFábio Alexandre Fernandes$gpref. João Miranda
210 #9 $aCoimbra$cAlmedina,$d2026
215 ## $a502 p.$d23 cm
225 2# $aMonografias
700 #1 $aFernandes,$bFábio Alexandre$31997248
702 #1 $aMiranda,$bJoão$4080$388840
801 #0 $aPT$bBN$gRPC
966 ## $lBN$mFGMON$x1
966 ## $lBN$mFGMON$x1
971 ## $cisantos$d20260429

OpendataBNP@bnportugal.pt | Mais informação sobre acesso aos dados BNP